| 000 | 00627cam a22002293a 4500 | ||
|---|---|---|---|
| 001 | 9832 | ||
| 003 | PGUSA | ||
| 005 | 20140828083216.0 | ||
| 008 | 060201s2006||||xxu|||||s|||||000 1 eng d | ||
| 040 |
_aPGUSA _beng |
||
| 042 | _adc | ||
| 050 | 4 | _aPR | |
| 100 | 1 |
_aWhite, Fred M. _q(Fred Merrick), _d1859- |
|
| 245 | 1 | 4 |
_aThe Crimson Blind _h[electronic resource] / _cFred M. White |
| 260 |
_bProject Gutenberg, _c2006 |
||
| 506 | _aPublic domain in the USA. | ||
| 516 | _aElectronic text | ||
| 653 | _aMystery fiction | ||
| 830 | 0 |
_aProject Gutenberg _v9832 |
|
| 856 | 4 | 0 | _uhttp://www.gutenberg.org/ebooks/9832 |
| 942 | _cEB | ||
| 999 |
_c239088 _d239088 |
||